00665nam a22001817a 450000500170000001000150001702000300003203500140006203700130007608200080008910000170009724501500011425000090026426000540027327000830032730000520041070000210046220210426164357.0 aENG-129478 c395.00a978-93-88016-10-0 aEN-113010 bDBAD/PUB a150 aChaube, S.P. aEssentials of General Psychology : bAn Analytical study of the Fundamental for Graduate and Post-Graduate Classes/cS.P. Chaube, Akhilesh Chaube a2019 aHyderabadbNeelkamal Publications Pvt. Ltd.c2019 aSultan Bazar, HyderabadbHyderabade500095k24757140mneelkamalbooks@gmail.com a443.pc24cm(hbk)bBibliography, Index, Glossary aChaube, Akhilesh